Contractual offer under the Vienna convention the latest developments in the case-law /

A Bécsi Egyezmény megalkotóinak eredetileg egy logikus és egységes jogi keret megalkotása volt a célja, azonban ezt politikai okok miatt nem sikerült minden tekintetben megvalósítani. Az egyes rendelkezéseknél nagyon nehéz volt megtalálni azt a közös nevezőt a különböző jogi megoldások közöt, amely...

Teljes leírás

Elmentve itt :
Bibliográfiai részletek
Szerző: Víg Zoltán
Dokumentumtípus: Cikk
Megjelent: 2020
Sorozat:Acta Universitatis Szegediensis : forum : acta juridica et politica 10 No. 4
Kulcsszavak:Jogtudomány
Tárgyszavak:
Online Access:http://acta.bibl.u-szeged.hu/72815
LEADER 01724nab a2200217 i 4500
001 acta72815
005 20230310144151.0
008 210504s2020 hu o 0|| eng d
022 |a 2063-2525 
040 |a SZTE Egyetemi Kiadványok Repozitórium  |b hun 
041 |a eng 
100 1 |a Víg Zoltán 
245 1 0 |a Contractual offer under the Vienna convention   |h [elektronikus dokumentum] :  |b the latest developments in the case-law /  |c  Víg Zoltán 
260 |c 2020 
300 |a 195-208 
490 0 |a Acta Universitatis Szegediensis : forum : acta juridica et politica  |v 10 No. 4 
520 3 |a A Bécsi Egyezmény megalkotóinak eredetileg egy logikus és egységes jogi keret megalkotása volt a célja, azonban ezt politikai okok miatt nem sikerült minden tekintetben megvalósítani. Az egyes rendelkezéseknél nagyon nehéz volt megtalálni azt a közös nevezőt a különböző jogi megoldások közöt, amely minden tagország számára elfogadható. Ennek köszönhetően, a mai napig nagyon sok vita van az egyes rendelkezések értelmezésével kapcsolatban. A tanulmányban egy ilyen kérdést vizsgálunk meg a legújabb esetjog tükrében, azaz az ajánlat érvényességét. Habár első ránézésre egyszerűnek tűnik, mégis a nemzetközi adásvétel kapcsán újra és újra felmerülő viták tárgya. Ebben az is közrejátszik, hogy az egyes nemzeti bíróságok sokszor különbözőképpen értelmezik a Bécsi Egyezmény rendelkezéseit, attól függően, hogy a bírák milyen jogrendszerben szocializálódtak. 
650 4 |a Társadalomtudományok 
650 4 |a Jogtudomány 
695 |a Jogtudomány 
856 4 0 |u http://acta.bibl.u-szeged.hu/72815/1/juridpol_forum_010_004_195-208.pdf  |z Dokumentum-elérés